Poesía latina medieval (Record no. 116693)

MARC details
000 -LEADER
campo de control de longitud fija 00458nam a2200157 4500
001 - NÚMERO DE CONTROL
campo de control 116693
003 - IDENTIFICADOR DE NÚMERO DE CONTROL
campo de control ES-MaACL
005 - FECHA Y HORA DE LA ÚLTIMA TRANSACCIÓN
campo de control 20230906190742.0
007 - CAMPO FIJO DE DESCRIPCIÓN FÍSICA--INFORMACIÓN GENERAL
campo de control de longitud fija t|
008 - DATOS DE LONGITUD FIJA--INFORMACIÓN GENERAL
campo de control de longitud fija 061121s1907 it r ||||1| ita d
100 1# - ENTRADA PRINCIPAL--NOMBRE DE PERSONA
Nombre de persona Pascal, Carlo.
9 (RLIN) 89310
245 10 - MENCIÓN DEL TÍTULO
Título Poesía latina medieval
Resto del título : saggi e note critiche /
Mención de responsabilidad, etc. Carlo Pascal.
260 ## - PUBLICACIÓN, DISTRIBUCIÓN, ETC.
Lugar de publicación, distribución, etc. Catania :
Nombre del editor, distribuidor, etc. [s.n.],
Fecha de publicación, distribución, etc. 1907 (
Fabricante Tip. Monaco e Mollica)
300 ## - DESCRIPCIÓN FÍSICA
Extensión VIII, 184 p. ;
Dimensiones 19 cm.
852 ## - LOCALIZACIÓN
Ubicación ES-MaACL
Número de control de estantería A-5248
Holdings
Estatus retirado Estado de pérdida Estado de daño No para préstamo Biblioteca de origen Biblioteca actual Ubicación en estantería Fecha de adquisición Fuente de adquisición Total de préstamos Signatura topográfica completa Código de barras Visto por última vez Precio de reemplazo Tipo de ítem Koha
        Biblioteca del Ateneo de Madrid Biblioteca del Ateneo de Madrid Sala Pecera Planta 1 17/01/2008     A-5248 1121678 23/02/2023 23/02/2023 Libro impreso